=LDR 00000nam 2200000 4500 =001 INLIS000000000024538 =005 20130612123122 =008 ***********************************Ind** =035 ##$$0010-061300000024538 =041 ##$$a Ind =082 ##$$a 539.7 =090 ##$$a 539.7, Clo a =100 ##$$a Clowes, Martin =245 ##$$a Jejak sejarah sains, Atom dan molekul, Martin Clowes =260 ##$$a 2006 $b Jakarta =300 ##$$a 39 hlm, ilus, 25 cm =650 ##$$a Jejak sejarah =850 ##$$a NBPNMAT